Statistics for 10 Biggest Cities in Slovenia

Click here to take the quiz!

General Stats

  • This quiz has been taken 467 times
  • The average score is 7 of 10

Answer Stats

PopulationCity% Correct
275 000Ljubljana
99%
95 000Maribor
97%
25 000Koper
83%
35 000Celje
81%
35 000Kranj
69%
25 000Novo Mesto
66%
20 000Ptuj
55%
25 000Velenje
55%
15 000Kamnik
33%
15 000Trbovlje
26%

Score Distribution

Percentile by Number Answered

Percent of People with Each Score

Your Score History

You have not taken this quiz